Sto mesiacov po "nežnej" Slovensko v závoze majetkového prevratu a medzinárodný kontext

Bibliographic Details
Main Author: Jurišta, Ján (Author)
Format: Book
Language:Slovak
PhysicalDescription:102 s. 20 cm
Published: Topoľčany Prima-print 1998
ISBN:8096776215
Edition:1. vyd.
Subjects:

MARC

LEADER 00000cam a2200000 a 4500
001 vtls001340684
003 SK-MaSNL
005 20260426001554.0
008 240315s1998 xo 000 0 slo
015 |a SNBA1998/12-04377 
020 |a 8096776215  |q (brož.) 
035 |a SNK000293786 
035 |a urn:nbn:sk:snk-amjccm 
035 |a urn:nbn:sk:snk-am003poj 
035 |a DD4C6F7A-48AE-43C5-9D94-1BA7563B39E8 
040 |a SNK  |b slo  |c SNK  |e AACR2 
041 0 |a slo 
044 |a xo  |c SK 
080 |a 323(437.6)  |2 1981 
100 1 |a Jurišta, Ján  |4 aut  |9 377191 
245 1 0 |a Sto mesiacov po "nežnej"  |b Slovensko v závoze majetkového prevratu a medzinárodný kontext  |c Ján Jurišta 
250 |a 1. vyd. 
260 |a Topoľčany  |b Prima-print  |c 1998 
300 |a 102 s.  |c 20 cm 
648 7 |a po r. 1989  |2 SNKPH  |9 347531 
650 0 7 |a vnútorná politika  |2 SNKPH  |9 970 
651 7 |a Slovensko  |2 SNKPH  |9 14231 
655 7 |a príručky  |2 SNKPH  |9 74364 
919 |a 80-967762-1-5 
958 |a TL 
999 |c 891349  |d 893279 
952 |t P60, <04>, [BOOK], {604}  |a SNK  |b SNK  |y VYP  |7 0  |p 17A0158995  |o snkSD 69542 D1  |i snkKSP 8208/98  |0 0  |1 0  |4 0  |d 1998-08-31  |f 1  |l 0  |r 2005-01-02 00:00:00  |w 2026-02-24 
952 |t P60, <03>, [BOOK], {603}  |a SNK  |b SNK  |y PREZ  |7 0  |p 17A0158996  |o snkSD 69542  |i snkKSP 8207/98  |0 0  |1 0  |4 0  |d 1998-08-31  |l 0  |r 2005-01-02 00:00:00  |w 2026-02-24